Top 25 Character Mentions Harry Potter Prisoner of Azkaban - Statistics

General Stats
  • This quiz has been taken 581 times
  • The average score is 21 of 25
Answer Stats
Number of Mentions Answer % Correct
2102 Harry Potter
100%
690 Hermione Granger
100%
806 Ron Weasley
100%
430 Sirius Black
99%
183 Albus Dumbledore
98%
422 Remus Lupin
97%
275 Severus Snape
96%
79 Fred Weasley
94%
64 George Weasley
94%
127 Minerva McGonagall
94%
261 Rubeus Hagrid
94%
188 Draco Malfoy
92%
268 Peter Pettigrew
91%
113 Neville Longbottom
84%
63 Arthur Weasley
82%
70 Percy Weasley
80%
133 Cornelius Fudge
79%
80 Voldemort
78%
96 Buckbeak
74%
77 Vernon Dursley
73%
96 Sybill Trelawney
72%
85 Oliver Wood
67%
67 Marge Dursley
64%
99 Crookshanks
60%
54 Stan Shunpike
54%
No matching quizzes found
Score Distribution
Percent of People with Each Score
Percentile by Number Answered
Your Score History
You have not taken this quiz